Valtiot, joissa on eniten arabian puhujia - Statistics

Yleistilastot
  • Tätä visaa on pelattu 2 310 kertaa
  • Keskiarvotulos 8 / 10
Vastaustilastot
# % Valtio % Oikein
22 milj. 73 Saudi-Arabia
97%
30 milj. 75 Irak
90%
94 milj. 93 Egypti
86%
28 milj. 94 Jemen
79%
17 milj. 92 Syyria
77%
31 milj. 72 Algeria
71%
26 milj. 72 Marokko
68%
9,9 milj. 98 Jordania
64%
30 milj. 70 Sudan
60%
11 milj. 98 Tunisia
59%
Ehtoja vastaavia visoja ei löytynyt
Tulosjakauma
Jokaisen tuloksen saaneiden osuus
Persentiili vastausten määrän mukaan
Tuloshistoriasi
Et ole pelannut tätä visaa